Die bekanntesten LGBTQ+ Pride Flags - Statistiken

Allgemein
  • Dieses Quiz wurde 786 mal gespielt
    772 seit der letzten Aktualisierung
  • Das Durchschnittsergebnis liegt bei 7 aus 10
Antwortstatistiken
Bildquiz Antwort % Korrekt
Lesbisch
94%
Schwul
92%
Bisexuell
91%
Trans*
89%
Pansexuell
83%
Asexuell
76%
Intersex
56%
Nicht binär
56%
Aromantisch
44%
Genderfluid
36%
Keine übereinstimmenden Quizze gefunden
Verteilung der Resultate
Anzahl Personen mit jedem Resultat
Perzentil nach korrekt beantworteten Fragen
Ihre Resultats-Entwicklung
Sie haben dieses Quiz seit der letzten Aktualisierung nicht gespielt